| 000 | 00488nam a2200193Ia 4500 | ||
|---|---|---|---|
| 003 | OSt | ||
| 005 | 20240504103916.0 | ||
| 008 | 210210b1989 xxu||||| |||| 00| 0 eng d | ||
| 040 | _cAL | ||
| 041 | _aKannada | ||
| 082 | _aK894.2 BOLG | ||
| 100 |
_aBOLUVARU (I K) _962733 _dಬೊಳುವಾರು |
||
| 245 |
_aGrahana _bಗ್ರಹಣ |
||
| 260 |
_aMangaluru _bAbhivyakta Prakashana _c1989 |
||
| 300 | _a30 | ||
| 690 |
_aKannada Drama _962734 |
||
| 906 | _a042467 | ||
| 942 |
_2ddc _cBK |
||
| 999 |
_c92150 _d92150 |
||